000 00938nam a22002537a 4500
999 _c101961
_d101961
005 20230310140413.0
010 _a1617EN ENG-136265
020 _c715.00
_a9789352602117
020 _c715.00
_a9352602110
035 _aB-654032-034 EN-119797
037 _bABC
_adpl
082 _a658.4052
100 _aLewicki, Roy J.
245 _aNegotiation :
_cby Roy J. Lewicki, David M. Saunders [and] Bruce Barry
_breadings, exercises and cases /
250 _a6th ed
260 _aNoida
_bMcGraw Hill Education
_c2016
270 _aB-4, Sector - 63, Gautam Budh Nagar,
_bNoida (UP)
_e201301
300 _ax,708p.
_c24cm(pbk)
500 _aIncludes index
700 _aSaunders, David M.
700 _aBarry, Bruce
942 _2ddc
_cEN
_mLEW
_h658.4052